02004 a2200157 45000010006000000050017000060080041000230030015000640400040000790800104001192450082002232640044003053000019003495051446003681000032018142713920260407155548.0260407a1972 arg spa dAR-UNSa-BCEJYS aAR-UNSa-BCEJYSbspacAR-UNSa-BCEJYS a347.736xQuiebra. Insolvencia. Suspensión de pagos. Bancarrota, procedimientos. Derecho Concursal10aConcursos y procedimiento concursalpcomentario y análisis de la ley 19.551 1aBuenos Aires :bEdiciones Depalmac1972 a320 p.c23 cm. a1. Desarrollo histórico.Sistemas legislativos - 2. Antecedentes nacionales. Evolución legislativa hasta llegar a la actual ley - 3. Principios generales - 4. El concurso preventivo - 6. Trámite hasta la junta - 7. Junta de acreedores - 8. Impugnación y homologación del acuerdo - 9. Efectos del acuerdo homologado - 10. Nulidad del acuerdo. Incumplimiento - 11. Disposiciones particulares para el acuerdo por cesión de bienes - 12. Declaración de la quiebra - 13. Sentencia - 14. Recursos contra la sentencia de quiebra - 15. Efectos de la quiebra - 16. Efectos generales sobre relaciones jurídica preexistentes - 17. Efectos sobre ciertas relaciones jurídicas en particulares - 18. Extensión de la quiebra y responsabilidad de terceros - 19. Inacutación y conservación de bienes - 20. Continuación de la empresa - 21. Príodo informativo en la quiebra - 22. Realización de bienes - 23. Informe final y distribución - 24. Acuerdo resolutorio - 25. Avenimiento - 26. Pago total - 27. Clausura del procedimiento - 28. Calificación de la conducta del fallido y de terceros - 29. Rehablitación - 30. Concurso en caso de liquidación administrativa - 31. Privilegio - 32. El órgano judicial - 33. Funcionarios y empleados de los concursos - 34. Regulación de honorarios - 35. Reglas procesales - 36. De los concursos civiles - 37. Derecho penal concursal - 38. Disposiciones complementarias y transitorias.1 aMigliardi, Francisco N.M.O.